=LDR 00000nam 2200000 4500 =001 INLIS000000000035819 =005 20130612141640 =008 ***********************************Ind** =035 ##$$0010-061300000035819 =041 ##$$a Ind =082 ##$$a 411 =090 ##$$a 411, Gol =100 ##$$a Mirriam, Caryn =245 ##$$a Daripada Bete Nulis Aja =260 ##$$a Kaifa $b Bandung =300 ##$$a 225 hlm, ilus, 25 cm =850 ##$$a NBPNMAT